Laura Linney Filmography - Statistics

General Stats
  • This quiz has been taken 16 times
    5 since last reset
  • The average score is 11 of 118
Answer Stats
Type Year Name % Correct
Film 2004 Kinsey
100%
Film 1996 Primal Fear
100%
Film 2000 You Can Count On Me
100%
Documentary Series 2001 American Masters
50%
TV Mini-Series 2008 John Adams
50%
Film 2003 Love Actually
50%
Film 2003 Mystic River
50%
Web Series 2017-2022 Ozark
50%
Film 2004 P.S.
50%
Film 2016 Sully
50%
Film 2024 Suncoast
50%
Documentary Mini-Series 2025 The American Revolution
50%
TV Show 2010-2013 The Big C
50%
Theater 2017 The Little Foxes
50%
Film 2007 The Nanny Diaries
50%
Film 2007 The Savages
50%
Film 1998 The Truman Show
50%
Film 2023 Wildcat
50%
Film 1997 Absolute Power
0%
Web Series TBA American Classic
0%
TV Show 2006 American Dad!
0%
Documentary Series 2002, 2005, 2006 American Experience
0%
TV Show 2012 A Poem Is...
0%
TV Documentary 2006 Armenian Genocide
0%
Film 2011 Arthur Christmas
0%
Film 1994 A Simple Twist of Fate
0%
Short Film 1985 Assassins: A Film Concerning Rimbaud
0%
Theater 1991 Beggars in a House of Plenty
0%
TV Show 2023 Be My Guest with Ina Garten
0%
Documentary Series 2004 Biography
0%
Director 2025 Black Rabbit
0%
TV Film 1993 Blind Spot
0%
Web Series 2018 BoJack Horseman
0%
Documentary 2022 Bonnie
0%
Film 2007 Breach
0%
Music Video 2012 Charmer
0%
TV Film 1993 Class of '61
0%
Film 1995 Congo
0%
Documentary Mini-Series 2020 Coronavirus, Explained
0%
Documentary 2020 Creating a Character: The Moni Yakim Legacy
0%
Film 1993 Dave
0%
Film 2006 Driving Lessons
0%
Short Film 2012 Enduring Legacy
0%
Film 2020 Falling
0%
Documentary Series 2019, 2020 Finding Your Roots with Henry Louis Gates, Jr.
0%
TV Show 2003-2004 Frasier
0%
TV Mini-Series 2001 Further Tales of the City
0%
TV Special 2002 Gala Paramount Pictures Celebrates 90th Anniversary with 90 Stars for 90 Years
0%
Film 2016 Genius
0%
Theater 1994 Hedda Gabler
0%
Theater 1995-1996 Holiday
0%
Theater 1998 Honour
0%
Film 2012 Hyde Park on Hudson
0%
TV Show 2016 Inside Amy Schumer
0%
Film 2006 Jindabyne
0%
TV Show 2002 King of the Hill
0%
Theater 1996 Landscape of the Body
0%
TV Show 2017 Last Week Tonight with John Oliver
0%
TV Show 1994 Law & Order
0%
Theater 2008 Les Liaisons Dangereuses
0%
Documentary 2013 Letters to Jackie: Remembering President Kennedy
0%
Film 1992 Lorenzo's Oil
0%
TV Film 1999 Love Letters
0%
Film 1999 Lush
0%
Theater 1990 Manhattan Class One-Acts 1990
0%
Film 2006 Man of the Year
0%
TV Show 2011, 2012 Masterpiece Classic
0%
Film 2000 Maze
0%
TV Mini-Series 1998 More Tales of the City
0%
Film 2010 Morning
0%
TV Special 2004 Moving Image Salutes Richard Gere
0%
Film 2015 Mr. Holmes
0%
Theater 2018-2020 My Name Is Lucy Barton
0%
Film 2016 Nocturnal Animals
0%
Documentary 2018 Olympia
0%
Documentary Series 2019 Portrait Artist of the Year
0%
Documentary Mini-Series 2023 Pretty Baby: Brooke Shields
0%
TV Special 2015, 2017 Red Nose Day
0%
TV Short 2017 Red Nose Day Actually
0%
TV Film 2000 Running Mates
0%
Film 1993 Searching for Bobby Fischer
0%
Theater 1992, 2004 Sight Unseen
0%
TV Show 2018 Sink Sank Sunk
0%
Theater 1991-1992 Six Degrees of Separation
0%
TV Documentary 2008 Speechless
0%
TV Special 2010 Stand Up to Cancer
0%
Theater 2023 Summer, 1976
0%
Theater 2015 Switzerland
0%
Film 2010 Sympathy for Delicious
0%
TV Mini-Series 1993 Tales of the City
0%
Web Series 2019 Tales of the City
0%
Film 2016 Teenage Mutant Ninja Turtles: Out of the Shadows
0%
Film 2009 The City of Your Final Destination
0%
Theater 2002 The Crucible
0%
Film 2011 The Details
0%
Film 2017 The Dinner
0%
Film 2005 The Exorcism of Emily Rose
0%
Film 2013 The Fifth Estate
0%
TV Special 2020 The Great Work Begins. Scenes from Angels in America
0%
Film 2006 The Hottest State
0%
Film 2000 The House of Mirth
0%
TV Film 2002 The Laramie Project
0%
Documentary Series 2022 The Last Movie Stars
0%
Film 2003 The Life of David Gale
0%
Film 2023 The Miracle Club
0%
Film 2002 The Mothman Prophecies
0%
Film 2008 The Other Man
0%
Film 2020 The Roads Not Taken
0%
Theater 1992-1993 The Seagull
0%
Film 2005 The Squid and the Whale
0%
TV Short 1998 The Truman Show: Tru-Talk
0%
Documentary 2017 The Untold Tales of Armistead Maupin
0%
Theater 2010-2011 Time Stands Still
0%
Theater 1999-2000 Uncle Vanya
0%
TV Special 2009 We Are One: The Obama Inaugural Celebration at the Lincoln Memorial
0%
Theater 2021 White Rabbit, Red Rabbit
0%
TV Film 2001 Wild Iris
0%
TV Documentary 2002 Woodrow Wilson and the Birth of the American Century
0%
No matching quizzes found
Score Distribution
Percent of People with Each Score
Percentile by Number Answered
Your Score History
You have not taken this quiz since the last reset